Black's Medical - Surgical Nursing (Record no. 166)

MARC details
000 -LEADER
Fixed length control field 00628nam a2200205Ia 4500
003 - CONTROL NUMBER IDENTIFIER
Control field IIN
005 - DATE AND TIME OF LATEST TRANSACTION
Control field 20240102130701.0
008 - FIXED-LENGTH DATA ELEMENTS--GENERAL INFORMATION
Fixed length control field 231217s9999 xx 000 0 und d
020 ## - INTERNATIONAL STANDARD BOOK NUMBER / ISBN
Price Rs.3590.00
International Standard Book Number 9788131254196
040 ## - CATALOGING SOURCE
Original cataloging agency IIN
Language of cataloging English
082 ## - DEWEY DECIMAL CLASSIFICATION NUMBER
Classification number 610.73677
Book Number BLA
100 1# - MAIN ENTRY--PERSONAL NAME
Personal name Black, Joyce M
245 1# - TITLE STATEMENT
Title Black's Medical - Surgical Nursing
Sub title Clinical Management for Positive Outcomes
Statement of responsibility Joyce M Black and Jane Hokanson Hawks
250 ## - EDITION STATEMENT
Edition statement 8th ed
260 ## - IMPRINT
Name of publisher Elsevier
Place of publication New Delhi
Date of publication 2020
300 ## - PHYSICAL DESCRIPTION
Page / Vol. No lxxi, 1183-2245 p. / Vol.2
650 1# - SUBJECT ADDED ENTRY--TOPICAL TERM
Topical term Medical Surgical
Form subdivision nursing
700 1# - ADDED ENTRY--PERSONAL NAME
Personal name Hawks, Jane Hokanson
942 ## - ADDED ENTRY ELEMENTS (KOHA)
Koha item type Books
Holdings
Withdrawn status Lost status Source of classification Damaged status Not for loan Collection code Home library Current library Date acquired Price Total Checkouts Call number Accession number Date last seen Copy number Price effective from Koha item type
    Dewey Decimal Classification       IDEAL INSTITUTE OF NURSING IDEAL INSTITUTE OF NURSING 17/12/2023 3590.00   610.73677 BLA 161 17/12/2023 Vol. 2 17/12/2023 Books
    Dewey Decimal Classification       IDEAL INSTITUTE OF NURSING IDEAL INSTITUTE OF NURSING 17/12/2023 3590.00   610.73677 BLA 162 17/12/2023 Vol. 2 17/12/2023 Books
© Ideal Institute Of Nursing, All rights reserved.         Powered by Koha